|
|
|
|
| LEADER |
00000nam a22000007a 4500 |
| 005 |
20150813211532.0 |
| 007 |
cr|||| |||| |
| 008 |
150813s2001 br |||||s|||| 00||0 por d |
| 020 |
|
|
|a 8536100141
|
| 035 |
|
|
|a 12807
|
| 040 |
|
|
|a vLex
|
| 090 |
|
|
|c 5540
|d 5540
|
| 100 |
1 |
|
|a Pulino, Daniel
|
| 245 |
1 |
0 |
|a A aposentadoria por invalidez no direito positivo brasileiro
|h [Recurso electrn̤ico] /
|c Daniel Pulino
|
| 256 |
|
|
|a Servicio en ln̕ea
|
| 260 |
|
|
|a San Pablo:
|b LTR Editora,
|c 2001
|
| 300 |
|
|
|a 1 recurso electrn̤ico
|
| 500 |
|
|
|a É corrente afirmar-se que a aposentadoria por invalidez pressupe̳ que o trabalhador esteja total e definitivamente incapaz. Mas, afinal, a partir de que instante se pode dizer que algum̌ perdeu “totalmente” a capacidade de trabalho? Reflexamente, quando ̌possv̕el afirmar que aquela capacidade deixa de ser “definitiva”? A resposta a problemas como este exige do intřprete a utilizaȯ̂ de parḿetros jurd̕icos seguros para sua atuaȯ̂. Partindo do regime jurd̕ico-previdencir̀io que se extrai da Constituiȯ̂ brasileira e valendo-se de instrumentos lg̤ico-formais de anl̀ise das normas jurd̕icas, o Autor discute, no presente trabalho, diversos temas inerentes ̉aposentadoria por invalidez. A metodologia, extensô e profundidade da obra aliadas ̉abordagem de queste̳s prt̀icas, com ampla pesquisa doutrinr̀ia e jurisprudencial, recomendam sua leitura tanto para fins de estudo ter̤ico da disciplina, quanto para anl̀ise de casos concretos com que se deparam todos os dias diferentes profissionais do Direito.
|
| 506 |
1 |
|
|a Disponible solo en los productos indicados
|d vLex Global
|d vLex Global (Academic Edition, excluding Law Schools)
|d vLex Global (U.S. Academic Edition, Law Schools)
|d vLex Global (U.S. Academic Edition, excluding Law Schools)
|d vLex Global (Academic Edition, Law Schools)
|
| 650 |
0 |
4 |
|a Derecho Civil
|z Brasil
|
| 740 |
0 |
|
|a vLex Libros (Servicio en ln̕ea)
|
| 856 |
4 |
0 |
|u http://vlex.com/source/aposentadoria-por-invalidez-no-direito-positivo-brasileiro-12807
|z Acceso restringido
|
| 942 |
|
|
|c BOOK
|
| 999 |
0 |
|
|a Civil Law
|